| 000 | 00952cam a2200205 4500 | ||
|---|---|---|---|
| 001 | WB4024-09 | ||
| 008 | 040622n2004 000 0 eng u | ||
| 035 | _a(Sirsi) u126563 | ||
| 245 | _aFirst falls in house prices | ||
| 260 | _c2004 | ||
| 490 |
_aRightmove Press Release _v June 2004 (21 June 2004) (13) |
||
| 520 | _aThe latest "Rightmove house price index" showing trends in asking prices up to 12 June 2004, reports a small but significant fall of 0.4% since last month, with the average property asking price standing at £193,965. However, the annual rate of house price inflation has risen again to 17.2%. London leads the downturn as prices rise by just over 0.6% over the month. http://www.rightmove.co.uk/pdf/p/hpi/HousePriceInd ex21June2004.pdf | ||
| 590 | _aWB | ||
| 590 | _aWB | ||
| 650 | _aHOUSE PRICE INDICES | ||
| 650 | _aHOUSE PRICE INFLATION | ||
| 650 | _aHOUSING-MARKET | ||
| 690 | _aHOUSING-HOUSE PRICES | ||
| 942 | _n0 | ||
| 999 |
_c117574 _d117574 |
||